000 00390nam a2200169Ia 4500
003 GCL
008 140319s9999 xx 000 0 eng d
040 _aGCL /
_cGCL
082 0 4 _a808.81
_bA P
100 1 _aAGARD, JOHN
245 1 0 _aPOEMS IN MY EARPHONE /
_cAGARD, JOHN
260 _a[S.N] :
_bLONGMAN
300 _a182 P
650 0 4 _aLITERATURE
650 0 4 _aPOEMS
942 _2ddc
_cBK
999 _c24684
_d24684